000 01191cab a2200361 4500
001 ABS59066
008 090401t1998 xxu||||| |||| 00| 0 eng d
035 _a(Sirsi) u87505
041 _aeng
100 _aTanney, A.
245 _aLiability for offensive tenants left unsettled
260 _c1998
350 _a0
490 _aProperty Week
_v63(12) 10 July 1998, 31(1)
520 _aConsiders the extent to which a landlord is responsible for the acts of a tenant in causing nuisance to a third party. Reviews case law, including the case of "Chartered Trust v Davis" where the position of a commercial landlord was held to be different to that of a local authority.
650 _aCHARTERED TRUST V DAVIS
650 _aGYPSIES
650 _aHARASSMENT
650 _aHOUSING ACT 1996
650 _aHUSSAIN V LANCASTER CC
650 _aLOCAL AUTHORITY
650 _aNEGLIGENCE
650 _aNUISANCE
650 _aPAGE MOTORS V EPSOM AND EWELL BC
650 _aRESPONSIBILITY
650 _aSHOPPING MALL
650 _aTENANTS
650 _aTHIRD PARTY
690 _aPROPERTY-LANDLORD AND TENANT
700 _aShea, C.
942 _n0
948 _c20/07/1998
999 _c55200
_d55200